[Event "GRE-chT 45th"]
[Site "Achaia"]
[Date "2017.07.03"]
[Round "1.2"]
[White "Daskalaki, Sofia"]
[Black "Tsivelekidou, Evgenia"]
[Result "0-1"]
[WhiteElo "1568"]
[BlackElo "1847"]
[PlyCount "96"]
[EventDate "2017.07.03"]
[EventType "team-swiss"]
[EventRounds "7"]
[EventCountry "GRE"]
[SourceTitle "CBM 179 Extra"]
[Source "ChessBase"]
[SourceDate "2017.08.23"]
[SourceVersion "1"]
[SourceVersionDate "2017.08.23"]
[SourceQuality "1"]
[WhiteTeam "Chania OA"]
[BlackTeam "Kavalas CN"]
[WhiteTeamCountry "GRE"]
[BlackTeamCountry "GRE"]

1. d4 Nf6 2. Nf3 e6 3. Bf4 c5 4. e3 cxd4 5. exd4 Be7 6. c3 0-0 7. Bd3 b6 8. 0-0 Bb7 9. Nbd2 d6 10. Qc2 Nbd7 11. h3 a6 12. a4 Qc7 13. Rfe1 Rfc8 14. Bh2 Bf8 15. Ng5 g6 16. Nge4 Nxe4 17. Bxe4 Bxe4 18. Nxe4 Qc6 19. Qd3 d5 20. Nd2 b5 21. axb5 axb5 22. Nf3 b4 23. Rxa8 Rxa8 24. Ne5 Nxe5 25. Bxe5 bxc3 26. Qxc3 Qb6 27. Rc1 Bg7 28. Bxg7 Kxg7 29. b4 Ra2 30. Qc5 Qb8 31. Rb1 Qf4 32. Rf1 Qd2 33. b5 Rb2 34. b6 Qb4 35. Rc1 Qxb6 36. Qxb6 Rxb6 37. Kf1 Rb4 38. Rd1 Rb2 39. Ke1 Kf6 40. Rd2 Rxd2 41. Kxd2 e5 42. Ke3 g5 43. g3 exd4+ 44. Kxd4 Ke6 45. f3 Kd6 46. h4 gxh4 47. gxh4 h5 48. f4 f5 0-1

[Event "Paleochora op 9th"]
[Site "Paleochora"]
[Date "2016.07.20"]
[Round "1"]
[White "Kotrotsos, Vasilios"]
[Black "Daskalaki, Sofia"]
[Result "1-0"]
[WhiteElo "2297"]
[BlackElo "1512"]
[PlyCount "67"]
[EventDate "2016.07.20"]
[EventType "swiss"]
[EventRounds "9"]
[EventCountry "GRE"]
[SourceTitle "EXT 2017"]
[Source "ChessBase"]
[SourceDate "2016.10.25"]
[SourceVersion "1"]
[SourceVersionDate "2016.10.25"]
[SourceQuality "1"]

1. d4 f5 2. c4 Nf6 3. Nc3 g6 4. h4 Bg7 5. h5 Nxh5 6. e4 fxe4 7. Rxh5 gxh5 8. Qxh5+ Kf8 9. Bh6 Bxh6 10. Qxh6+ Kg8 11. Qg5+ Kf7 12. Be2 Qg8 13. Bh5+ Kf8 14. Qf4+ Kg7 15. Nh3 Qe6 16. Ng5 Qf6 17. Qg3 Kf8 18. Ncxe4 Qf5 19. 0-0-0 d5 20. cxd5 h6 21. Rd3 hxg5 22. Rf3 Rxh5 23. Rxf5+ Bxf5 24. Qf3 g4 25. Qf4 Kg7 26. Ng3 Bg6 27. Nxh5+ Bxh5 28. Qxc7 Na6 29. Qxb7 Rf8 30. Qxa6 Rxf2 31. Qxa7 Kf7 32. d6 g3 33. Qxe7+ Kg8 34. Qg5+ 1-0

[Event "GRE-ch U16 Girls"]
[Site "Porto Rio"]
[Date "2016.07.01"]
[Round "5"]
[White "Daskalaki, Sofia"]
[Black "Lemoni, Maria Ioanna"]
[Result "1/2-1/2"]
[WhiteElo "1512"]
[BlackElo "1684"]
[PlyCount "124"]
[EventDate "2016.06.28"]
[EventType "swiss"]
[EventRounds "9"]
[EventCountry "GRE"]
[SourceTitle "CBM 173 Extra"]
[Source "ChessBase"]
[SourceDate "2016.08.29"]
[SourceVersion "1"]
[SourceVersionDate "2016.08.29"]
[SourceQuality "1"]

1. d4 Nf6 2. Nf3 e6 3. e3 c5 4. Bd3 d5 5. 0-0 b6 6. b3 Bb7 7. Bb2 Bd6 8. Nbd2 0-0 9. Ne5 Nbd7 10. f4 Ne4 11. Qe2 f6 12. Ng4 Qc7 13. Nf2 Nxd2 14. Qxd2 cxd4 15. Bxd4 e5 16. fxe5 fxe5 17. Bb2 e4 18. Bb5 Bxh2+ 19. Kh1 Bg3 20. Nxe4 dxe4 21. Qxd7 Qxd7 22. Bxd7 Ba6 23. Rxf8+ Rxf8 24. Be6+ Kh8 25. Bd5 Bf2 26. Bxe4 Bxe3 27. Rd1 Be2 28. Rd7 Bh6 29. Rxa7 b5 30. Ra8 Rxa8 31. Bxa8 Bg4 32. Bd5 Bd7 33. Kg1 Be3+ 34. Kf1 h5 35. Ke2 Bc5 36. Bf3 h4 37. Kd3 Kh7 38. c4 g5 39. cxb5 Bxb5+ 40. Ke4 h3 41. Kf5 h2 42. g3 g4 43. Kxg4 Be2 44. Kh3 Bxf3 45. Kxh2 Kg6 46. a3 Kf5 47. b4 Be3 48. a4 Ke4 49. Kh3 Bd1 50. a5 Be2 51. Bf6 Kf5 52. Be7 Bg4+ 53. Kg2 Be2 54. Bc5 Bd2 55. Kf2 Bb5 56. Kf3 Bc3 57. g4+ Ke5 58. g5 Bd2 59. g6 Kf6 60. Ke4 Kxg6 61. Kd5 Bxb4 62. Bxb4 Bf1 1/2-1/2

[Event "GRE-ch U16 Girls"]
[Site "Porto Rio"]
[Date "2016.06.30"]
[Round "4"]
[White "Louka, Magdalini"]
[Black "Daskalaki, Sofia"]
[Result "1/2-1/2"]
[WhiteElo "1622"]
[BlackElo "1512"]
[PlyCount "65"]
[EventDate "2016.06.28"]
[EventType "swiss"]
[EventRounds "9"]
[EventCountry "GRE"]
[SourceTitle "CBM 173 Extra"]
[Source "ChessBase"]
[SourceDate "2016.08.29"]
[SourceVersion "1"]
[SourceVersionDate "2016.08.29"]
[SourceQuality "1"]

1. e4 e5 2. Nf3 Nc6 3. d4 exd4 4. Nxd4 Nf6 5. Nxc6 bxc6 6. Qe2 Bc5 7. e5 Nd5 8. c4 Nb6 9. Be3 Qe7 10. Nc3 0-0 11. f4 Ba6 12. Bxc5 Qxc5 13. b3 Rfe8 14. Qf2 Qb4 15. Qd2 Bb7 16. Ne4 Qxd2+ 17. Kxd2 d6 18. c5 Nc8 19. Kc2 dxe5 20. f5 f6 21. Bc4+ Kf8 22. g4 Ne7 23. Rhg1 Nd5 24. Rg3 Bc8 25. Rf1 Nf4 26. Rd1 a5 27. a3 Re7 28. Rd8+ Re8 29. Rd1 Re7 30. Rd8+ Re8 31. Rd1 Re7 32. Rd8+ Re8 33. Rd1 1/2-1/2

[Event "Mediterranean Cup 9th"]
[Site "Chania"]
[Date "2014.09.03"]
[Round "1"]
[White "Lekic, Dusan"]
[Black "Daskalaki, Sofia"]
[Result "1-0"]
[WhiteElo "2428"]
[BlackElo "1293"]
[PlyCount "65"]
[EventDate "2014.09.03"]
[EventType "swiss"]
[EventRounds "9"]
[EventCountry "GRE"]
[SourceTitle "CBM 162 Extra"]
[Source "ChessBase"]
[SourceDate "2014.10.17"]
[SourceVersion "1"]
[SourceVersionDate "2014.10.17"]
[SourceQuality "1"]

1. c4 Nf6 2. d4 g6 3. f3 Bg7 4. e4 d6 5. Ne2 0-0 6. Be3 e5 7. d5 c6 8. Nec3 a5 9. Na3 Na6 10. Qd2 Nc5 11. dxc6 bxc6 12. 0-0-0 Nb7 13. c5 dxc5 14. Qxd8 Rxd8 15. Rxd8+ Nxd8 16. Bxc5 Ne6 17. Be3 Nd4 18. Nc4 Nd7 19. Na4 Ba6 20. Ncb6 Nxb6 21. Nxb6 Ra7 22. Bxa6 Rxa6 23. Na4 Ra8 24. Kb1 Rb8 25. Rc1 Rb4 26. Nc5 Ne2 27. Nd3 Nxc1 28. Nxb4 axb4 29. Kxc1 Bf8 30. Kc2 f6 31. Kb3 Kf7 32. Kc4 Ke6 33. Bc5 1-0

[Event "Mediterranean-ch U20"]
[Site "Crete"]
[Date "2013.08.29"]
[Round "4"]
[White "Margaritis, Georgios A"]
[Black "Daskalaki, Sofia"]
[Result "1-0"]
[WhiteElo "1541"]
[BlackElo "1261"]
[PlyCount "132"]
[EventDate "2013.08.27"]
[EventType "swiss"]
[EventRounds "9"]
[EventCountry "GRE"]
[SourceTitle "CBM 156 Extra"]
[Source "ChessBase"]
[SourceDate "2013.10.22"]
[SourceVersion "1"]
[SourceVersionDate "2013.10.22"]
[SourceQuality "1"]

1. d4 g6 2. c4 Bg7 3. Nc3 Nf6 4. e4 d6 5. Nf3 0-0 6. Be2 e5 7. 0-0 Nc6 8. d5 Ne7 9. Ne1 Nd7 10. Be3 f5 11. f3 Nf6 12. Nd3 c6 13. Rc1 c5 14. b4 b6 15. bxc5 bxc5 16. Qb3 Bd7 17. Rb1 Rb8 18. Qa3 Qc7 19. Nf2 Rxb1 20. Rxb1 Rb8 21. Rxb8+ Qxb8 22. Bd1 Qb6 23. Ba4 Bxa4 24. Qxa4 a6 25. Qa3 Qb7 26. Qb3 Qa7 27. Na4 Nc8 28. Bd2 Nd7 29. Ba5 Bh6 30. Nd1 Bg5 31. exf5 gxf5 32. Qb1 f4 33. Qf5 Be7 34. Nac3 Ndb6 35. Qb1 Nxc4 36. Qf5 Qb7 37. Qe6+ Kh8 38. Bd8 Na3 39. Bxe7 Nxe7 40. Qxd6 Kg8 41. Qxc5 Nb5 42. d6 Ng6 43. Nxb5 axb5 44. Nc3 b4 45. Nd5 b3 46. axb3 Qxb3 47. Nc3 Qc2 48. h3 Qc1+ 49. Kh2 Qe1 50. Ne4 Nh4 51. Qc8+ Kg7 52. Qg4+ Kf7 53. d7 Ke7 54. Qg7+ Kd8 55. Qg4 Ke7 56. Nc5 Qg3+ 57. Qxg3 fxg3+ 58. Kxg3 Nf5+ 59. Kf2 Nd4 60. Ke3 Nc6 61. Kd3 Kd6 62. Kc4 h6 63. g4 Na5+ 64. Kb5 Nc6 65. Kb6 Nd8 66. h4 Nc6 1-0

[Event "GRE-ch U12 Girls"]
[Site "Patras"]
[Date "2013.07.12"]
[Round "7.1"]
[White "Kouta, Vasiliki"]
[Black "Daskalaki, Sofia"]
[Result "0-1"]
[WhiteElo "1305"]
[BlackElo "1261"]
[PlyCount "100"]
[EventDate "2013.07.08"]
[EventType "swiss"]
[EventRounds "9"]
[EventCountry "GRE"]
[SourceTitle "EXT 2024"]
[Source "ChessBase"]
[SourceDate "2023.10.10"]
[SourceVersion "1"]
[SourceVersionDate "2023.10.10"]
[SourceQuality "1"]

1. e4 e5 2. Nf3 Nc6 3. Bb5 a6 4. Ba4 Nf6 5. d3 d6 6. Be3 Be7 7. a3 0-0 8. Nc3 Bg4 9. h3 Bh5 10. Bb3 Re8 11. Qe2 Qd7 12. g4 Bg6 13. Nh4 Kh8 14. Nxg6+ fxg6 15. 0-0-0 Nd8 16. Qf3 Rf8 17. Qg2 Ne6 18. Ne2 c5 19. Nc3 b5 20. Kd2 Rac8 21. Nd5 Nxd5 22. Bxd5 g5 23. Ke2 Nf4+ 24. Bxf4 Rxf4 25. Rdg1 Rcf8 26. h4 gxh4 27. g5 h3 28. Qg3 Rxf2+ 29. Qxf2 Rxf2+ 30. Kxf2 g6 31. Rg3 Bd8 32. Rhxh3 Bxg5 33. Rh1 Qe7 34. Rgh3 h5 35. Ke2 Kg7 36. b3 Qd8 37. a4 Qa5 38. axb5 axb5 39. Rg3 Qd2+ 40. Kf1 Qd1+ 41. Kg2 Qxc2+ 42. Kg1 Qd1+ 43. Kg2 Qd2+ 44. Kf1 Be3 45. Rf3 Qxd3+ 46. Kg2 Qe2+ 47. Kg3 Bf4+ 48. Rxf4 exf4+ 49. Kxf4 Qf2+ 50. Kg5 Qg3# 0-1

[Event "GRE-ch U18 Girls"]
[Site "Chania"]
[Date "2013.01.07"]
[Round "8.6"]
[White "Douni, Aspasia"]
[Black "Daskalaki, Sofia"]
[Result "1-0"]
[WhiteElo "1555"]
[BlackElo "1195"]
[PlyCount "47"]
[EventDate "2013.01.02"]
[EventType "swiss"]
[EventRounds "9"]
[EventCountry "GRE"]
[SourceTitle "EXT 2024"]
[Source "ChessBase"]
[SourceDate "2023.10.10"]
[SourceVersion "1"]
[SourceVersionDate "2023.10.10"]
[SourceQuality "1"]

1. e4 e5 2. Nf3 Nc6 3. Nc3 Nf6 4. d4 exd4 5. Nxd4 d6 6. Nxc6 bxc6 7. Bc4 Be7 8. 0-0 0-0 9. Be3 Be6 10. Bb3 d5 11. e5 Nd7 12. f4 Nc5 13. f5 Nxb3 14. axb3 Bd7 15. Qg4 g6 16. Bh6 Re8 17. e6 Bc5+ 18. Kh1 fxe6 19. fxg6 Re7 20. Rf7 Rxf7 21. gxf7+ Kxf7 22. Qg7+ Ke8 23. Qg8+ Ke7 24. Bg5+ 1-0

[Event "Mediterranean-ch U20 4th"]
[Site "Chania"]
[Date "2012.08.29"]
[Round "3"]
[White "Serpetsidakis, Nikolaos"]
[Black "Daskalaki, Sofia"]
[Result "1-0"]
[WhiteElo "1534"]
[BlackElo "1030"]
[PlyCount "79"]
[EventDate "2012.08.28"]
[EventType "swiss"]
[EventRounds "9"]
[EventCountry "GRE"]
[SourceTitle "CBM 150 Extra"]
[Source "ChessBase"]
[SourceDate "2012.10.19"]
[SourceVersion "1"]
[SourceVersionDate "2012.10.19"]
[SourceQuality "1"]

1. d4 g6 2. c4 Nf6 3. Nc3 Bg7 4. e4 d6 5. Nf3 0-0 6. Be2 c5 7. d5 e6 8. Bg5 e5 9. Qd2 Nbd7 10. 0-0 a6 11. Ne1 Re8 12. Nc2 Qb6 13. Ne3 h6 14. Bh4 Nf8 15. Rab1 Bd7 16. a3 Qc7 17. b4 cxb4 18. axb4 Rab8 19. Qa2 g5 20. Bg3 Ng6 21. Qa3 Nf4 22. Bd1 b5 23. Qxa6 bxc4 24. Qxc4 Qxc4 25. Nxc4 Rec8 26. Bxf4 Rxc4 27. Bd2 Nxe4 28. Nxe4 Rxe4 29. Bf3 Rc4 30. Rfc1 Rxc1+ 31. Rxc1 Rc8 32. Kf1 Rxc1+ 33. Bxc1 Kf8 34. Ke2 Ke8 35. Kd3 Kd8 36. Kc4 Kc7 37. g4 Kb6 38. Be3+ Ka6 39. Kb3 Kb5 40. Be2# 1-0

[Event "Crete Poa op"]
[Site "Crete"]
[Date "2012.04.29"]
[Round "6"]
[White "Daskalaki, Sofia"]
[Black "Stratigi, Maria Eirini"]
[Result "1-0"]
[WhiteElo "1010"]
[BlackElo "1010"]
[PlyCount "53"]
[EventDate "2012.04.26"]
[EventType "swiss"]
[EventRounds "7"]
[EventCountry "GRE"]
[SourceTitle "EXT 2024"]
[Source "ChessBase"]
[SourceDate "2023.10.10"]
[SourceVersion "1"]
[SourceVersionDate "2023.10.10"]
[SourceQuality "1"]

1. e4 e5 2. Nf3 Nc6 3. d4 exd4 4. Nxd4 Nxd4 5. Qxd4 d6 6. Nc3 Nf6 7. Bf4 Be7 8. 0-0-0 0-0 9. f3 b6 10. g4 Nd7 11. Ne2 Bf6 12. Qd5 Ba6 13. g5 Bxe2 14. Bxe2 Be7 15. h4 g6 16. Rh2 Kh8 17. Rdh1 Kg7 18. h5 gxh5 19. Rxh5 Rh8 20. Qf5 Qg8 21. Qxd7 Qd8 22. Qf5 Qg8 23. Bc4 Bd8 24. Bxf7 Qxf7 25. Rxh7+ Rxh7 26. Rxh7+ Kg8 27. Qxf7# 1-0

[Event "Crete Poa op"]
[Site "Crete"]
[Date "2012.04.28"]
[Round "4"]
[White "Daskalaki, Sofia"]
[Black "Katalagarianaki, Eleni"]
[Result "1-0"]
[WhiteElo "1010"]
[BlackElo "1005"]
[PlyCount "63"]
[EventDate "2012.04.26"]
[EventType "swiss"]
[EventRounds "7"]
[EventCountry "GRE"]
[SourceTitle "EXT 2024"]
[Source "ChessBase"]
[SourceDate "2023.10.10"]
[SourceVersion "1"]
[SourceVersionDate "2023.10.10"]
[SourceQuality "1"]

1. e4 e5 2. Nf3 Nc6 3. d4 d6 4. dxe5 dxe5 5. Qxd8+ Nxd8 6. Nxe5 Bd6 7. Nf3 Nc6 8. Nc3 Nb4 9. Bd3 Nc6 10. Bb5 a6 11. Bxc6+ bxc6 12. h3 h6 13. Bd2 Ne7 14. 0-0-0 0-0 15. Ne1 a5 16. a3 Bd7 17. Nd3 f6 18. Na4 Ra6 19. Nac5 Bxc5 20. Nxc5 Ra7 21. Nxd7 Rc8 22. Be3 Rb7 23. Nc5 Rb5 24. Rd7 Ng6 25. Ne6 Rcb8 26. Bd4 Rxb2 27. Bxb2 Rxb2 28. Kxb2 a4 29. Rxg7+ Kh8 30. Rd1 c5 31. Rd8+ Nf8 32. Rxf8# 1-0